000 00539nam a22001817a 4500
005 20240920124705.0
008 240917b |||||||| |||| 00| 0 eng d
020 _a978-93-6180-609-4
041 _aeng
082 _a615.19
100 _aOSWAL, DR. RAJESH J AND GILL, DR. NARESH SINGH & GUPTA, AVINASH KUMAR
_98514
245 _aPHARMACEUTICAL INORGANIC CHEMISTRY [ B.PHARMA] 1ST SEMESTER
250 _a1ST ED, 2017
260 _aLUCKNOW
_bTHAKUR PUBLICATION PVT.LTD
300 _a160;P
650 _aPHARMACY
_xB.PHARMA
942 _cBK
999 _c8642
_d8640